000 00975nam a2200289Ia 4500
001 Z_357
003 CHAP
008 220113s1986 xx 000 0 und d
010 _a163333
040 _cCHAP
090 _aTesis C 362
100 _aCortés Ramírez, Carlos Agustín
_928388
245 _aEvaluación de la eficiencia reproductiva de cerdas híbridas en las razas : York-Duroc, York-Landrace, York-Hampshire : Segundo tercer parto /
_cpor Carlos Agustín Cortés Ramírez y Adrián Cadena Aguado
260 _aChapingo, Méx. :
_bEl autor,
_c1986
300 _a79 h.
502 _aTesis (Ing. Agrónomo Esp. en Zootecnia) -- UACH. Departamento de Zootecnia
650 _aGanado porcino
_xCruzas
_945351
650 _aGanado porcino
_xRazas
_945402
650 _aGanado porcino
_xReproducción
_945403
700 _aCadena Aguado, Adrián
_917039
901 _aTESIS C 362
902 _aM
910 _a1986
942 _c2
942 _c2
999 _c163333
_d163333